000 01186 aa a2200217 4500
005 2012051500480.0
008 081020t xxu||||| |||| 00| 0 eng d
010 _a
020 _a8188014370
_c250.00
035 _a B-251766
035 _a B-251780
082 _a507.8
100 _aसंजय भोला"धीर"
_947137
245 _aविज्ञान के माँडल एवं प्रयोग /
_cसंजय भोला"धीर"
260 _aदिल्ली:
_bअखिल भारती,
_c2008
300 _a192पृ.
_c22सेमी(सजिल्द) रू.250.00
_b(सचित्र)
942 _adpl
_cHN
_k507.8 / संजय
_2ddc
_h507.8
_mसंजय
999 _c66674
_d66674